[Event "Thessaloniki/Chalkidiki-chT"]
[Site "Thessaloniki/Chalkidiki"]
[Date "2019.01.20"]
[Round "2.3"]
[White "Kamaretsos, Konstantinos"]
[Black "Serntedakis, Athanasios"]
[Result "0-1"]
[WhiteElo "1919"]
[BlackElo "2119"]
[PlyCount "88"]
[EventDate "2019.01.13"]
[EventType "team-tourn"]
[EventRounds "9"]
[EventCountry "GRE"]
[SourceTitle "EXT 2020"]
[Source "ChessBase"]
[SourceDate "2019.10.17"]
[SourceVersion "1"]
[SourceVersionDate "2019.10.17"]
[SourceQuality "1"]
[WhiteTeam "Papafi Chronikos"]
[BlackTeam "Keravnos MAPO"]
[WhiteTeamCountry "GRE"]
[BlackTeamCountry "GRE"]

1. d4 Nf6 2. c4 e6 3. Nc3 Bb4 4. g3 0-0 5. Bg2 Nc6 6. Nf3 d6 7. 0-0 Bxc3 8. bxc3 e5 9. Rb1 Qe7 10. Ne1 h6 11. Nc2 Nd8 12. Ne3 Rb8 13. Qa4 Bd7 14. Qa3 a6 15. Nd5 Nxd5 16. cxd5 exd4 17. cxd4 Qxe2 18. Rb2 Qe7 19. Qc3 c6 20. dxc6 Nxc6 21. d5 Ne5 22. Re2 Bb5 23. Rxe5 Qxe5 24. Qxe5 dxe5 25. Re1 f6 26. Bh3 Rfd8 27. f4 Bd7 28. Bg2 exf4 29. Bxf4 Re8 30. Rb1 Bf5 31. Rb2 Rbc8 32. h3 Rc2 33. Rxc2 Bxc2 34. d6 Ba4 35. Bxb7 Bb5 36. a4 Bxa4 37. Bxa6 Rd8 38. g4 Bc6 39. Kf2 Kf8 40. Be3 Ke8 41. Bc5 Rb8 42. Kg3 Rb3+ 43. Kh4 Kd8 44. Kh5 Be8+ 0-1

[Event "Thessaloniki Triandria op 8th"]
[Site "Thessaloniki"]
[Date "2015.04.18"]
[Round "5"]
[White "Avramidou, Anastasia"]
[Black "Kamaretsos, Konstantinos"]
[Result "1-0"]
[WhiteElo "2190"]
[BlackElo "1988"]
[PlyCount "93"]
[EventDate "2015.04.14"]
[EventType "swiss"]
[EventRounds "7"]
[EventCountry "GRE"]
[SourceTitle "CBM 166 Extra"]
[Source "ChessBase"]
[SourceDate "2015.06.18"]
[SourceVersion "1"]
[SourceVersionDate "2015.06.18"]
[SourceQuality "1"]

1. d4 d5 2. c4 c6 3. Nc3 Nf6 4. Nf3 a6 5. a4 e6 6. Qd3 Nbd7 7. g3 Qa5 8. Bg2 b5 9. cxd5 cxd5 10. 0-0 b4 11. Nb1 Qd8 12. a5 Bb7 13. Bf4 Bc6 14. Rc1 Bb5 15. Qd1 Ra7 16. Nbd2 Be7 17. Nb3 Ne4 18. Nfd2 Nxd2 19. Bxd2 Bc4 20. Nc5 Nxc5 21. dxc5 b3 22. Be3 Qc8 23. c6 Rc7 24. Rxc4 dxc4 25. Qd4 Rxc6 26. Qxg7 Rf8 27. Bxc6+ Qxc6 28. Rc1 Qd5 29. Qc3 Kd7 30. Qxc4 Qxc4 31. Rxc4 Rc8 32. Rd4+ Ke8 33. Rd3 Bd8 34. Rxb3 Bxa5 35. Ra3 Bd8 36. Rxa6 Bf6 37. b4 Rc2 38. Kf1 Rb2 39. Rb6 Bc3 40. b5 Ke7 41. Rb7+ Kf6 42. b6 e5 43. Rb8 Ba5 44. Ra8 Bc3 45. Rc8 Bd4 46. Bxd4 exd4 47. Rb8 1-0

[Event "Thessaloniki Triandria op 4th"]
[Site "Thessaloniki"]
[Date "2011.04.29"]
[Round "6"]
[White "Kamaretsos, Konstantinos"]
[Black "Vafiadis, Kleanthis"]
[Result "0-1"]
[WhiteElo "1908"]
[BlackElo "2301"]
[PlyCount "74"]
[EventDate "2011.04.25"]
[EventType "swiss"]
[EventRounds "9"]
[EventCountry "GRE"]
[SourceTitle "CBM 142 Extra"]
[Source "ChessBase"]
[SourceDate "2011.06.27"]
[SourceVersion "1"]
[SourceVersionDate "2011.06.27"]
[SourceQuality "1"]

1. d4 Nf6 2. c4 c5 3. d5 b5 4. cxb5 a6 5. bxa6 Bxa6 6. g3 d6 7. Bg2 g6 8. Bd2 Bg7 9. Bc3 0-0 10. Nh3 Nbd7 11. 0-0 Nb6 12. Nf4 Qd7 13. b3 g5 14. Nh3 h6 15. f4 Nbxd5 16. Bxd5 Qxh3 17. Bg2 Qh5 18. Bf3 Ng4 19. Bxg4 Qxg4 20. Rf2 gxf4 21. Rxf4 Qxe2 22. Qxe2 Bxe2 23. Bxg7 Kxg7 24. Nc3 Ba6 25. Rd1 Bb7 26. a4 Bc6 27. Rg4+ Kh7 28. Nd5 Rab8 29. Rh4 Bxd5 30. Rxd5 Rxb3 31. Rdh5 e6 32. Rxh6+ Kg7 33. R6h5 d5 34. Rf4 Rb4 35. Rg5+ Kh6 36. h4 Rxf4 37. gxf4 Ra8 0-1

[Event "Thessaloniki Triandria op 4th"]
[Site "Thessaloniki"]
[Date "2011.04.26"]
[Round "3"]
[White "Vujic, Mihailo"]
[Black "Kamaretsos, Konstantinos"]
[Result "1-0"]
[WhiteElo "2330"]
[BlackElo "1908"]
[PlyCount "117"]
[EventDate "2011.04.25"]
[EventType "swiss"]
[EventRounds "9"]
[EventCountry "GRE"]
[SourceTitle "CBM 142 Extra"]
[Source "ChessBase"]
[SourceDate "2011.06.27"]
[SourceVersion "1"]
[SourceVersionDate "2011.06.27"]
[SourceQuality "1"]

1. e4 c6 2. d4 d5 3. f3 e6 4. Nc3 Bb4 5. Nge2 dxe4 6. fxe4 Qh4+ 7. Ng3 Nf6 8. Bd3 e5 9. dxe5 Ng4 10. Qf3 Nxe5 11. Qf4 Qxf4 12. Bxf4 Bxc3+ 13. bxc3 Ng6 14. Bd6 Be6 15. Nf5 Kd7 16. Bxb8 Raxb8 17. Nxg7 Rhg8 18. Nh5 Ke7 19. 0-0 Ne5 20. Ng3 Rbd8 21. Rad1 c5 22. Nf5+ Bxf5 23. exf5 Kf6 24. Be4 b6 25. h3 h6 26. a4 a5 27. Bd5 Rg3 28. Bf3 Nxf3+ 29. Kf2 Rxd1 30. Rxd1 Rg5 31. gxf3 Kxf5 32. Rd7 Ke6 33. Rb7 Kd5 34. Rxf7 Kc4 35. Rf6 Kxc3 36. f4 Rd5 37. Rxh6 Kxc2 38. Rxb6 c4 39. Rc6 Kb3 40. Kf3 c3 41. h4 c2 42. Kg4 Rd1 43. h5 c1Q 44. Rxc1 Rxc1 45. h6 Kxa4 46. Kg5 Kb3 47. h7 a4 48. h8Q a3 49. Qb8+ Ka4 50. Qa7+ Kb3 51. Qb6+ Kc3 52. Qc5+ Kb2 53. Qb4+ Ka2 54. f5 Rb1 55. Qc3 Rb3 56. Qc2+ Rb2 57. Qa4 Rb3 58. f6 Kb2 59. f7 1-0

[Event "Thessaloniki Triandria op 2nd"]
[Site "Thessaloniki"]
[Date "2009.04.25"]
[Round "5"]
[White "Kamaretsos, Konstantinos"]
[Black "Vidalis, Evagelos"]
[Result "1/2-1/2"]
[WhiteElo "1893"]
[BlackElo "2005"]
[PlyCount "106"]
[EventDate "2009.04.21"]
[EventType "swiss"]
[EventRounds "7"]
[EventCountry "GRE"]
[SourceTitle "EXT 2024"]
[Source "ChessBase"]
[SourceDate "2023.10.10"]
[SourceVersion "1"]
[SourceVersionDate "2023.10.10"]
[SourceQuality "1"]

1. d4 e6 2. c4 f5 3. Nc3 Nf6 4. g3 Bb4 5. Bg5 h6 6. Bxf6 Qxf6 7. Bg2 Nc6 8. e3 0-0 9. Nge2 d6 10. a3 Bxc3+ 11. Nxc3 Nd8 12. Qb3 a6 13. h4 Bd7 14. a4 Rb8 15. a5 Kh8 16. Qa3 Bc6 17. d5 exd5 18. Nxd5 Bxd5 19. Bxd5 Ne6 20. b4 Rbe8 21. 0-0 g5 22. hxg5 hxg5 23. Bxb7 f4 24. exf4 gxf4 25. Rac1 Nd4 26. Rcd1 f3 27. Rxd4 Qxd4 28. Bxf3 Re5 29. Kg2 Ref5 30. Qe3 Qxe3 31. fxe3 Rb8 32. Rh1+ Kg7 33. Bd5 Rxb4 34. Rh4 Rb2+ 35. Kh3 Ra2 36. Re4 Rxa5 37. Re7+ Kf6 38. Rxc7 Re5 39. e4 Ra3 40. Rd7 Rh5+ 41. Kg4 Rg5+ 42. Kf4 Raxg3 43. Rxd6+ Ke7 44. Rxa6 Rg1 45. c5 R5g2 46. Rb6 Rc2 47. c6 Kd6 48. Rb7 Rf1+ 49. Ke3 Rxc6 50. Bxc6 Kxc6 51. Rh7 Kd6 52. Rh6+ Ke5 53. Rh5+ Ke6 1/2-1/2

[Event "Patras op"]
[Site "Patras"]
[Date "2002.08.06"]
[Round "7.32"]
[White "Panagopoulos, Giorgos"]
[Black "Kamaretsos, Konstantinos"]
[Result "1-0"]
[WhiteElo "1720"]
[BlackElo "1390"]
[PlyCount "45"]
[EventDate "2002.08.??"]
[EventType "swiss"]
[EventRounds "9"]
[EventCountry "GRE"]
[SourceTitle "CBM 089 Extra"]
[Source "ChessBase"]
[SourceDate "2002.09.10"]
[SourceVersion "2"]
[SourceVersionDate "2002.09.10"]
[SourceQuality "1"]

1. d4 d5 2. c4 e6 3. Nc3 c6 4. Nf3 Nf6 5. Bg5 h6 6. Bxf6 Qxf6 7. e3 g6 8. Rc1 Bg7 9. Bd3 0-0 10. 0-0 b6 11. cxd5 exd5 12. Ne5 Nd7 13. f4 Nxe5 14. fxe5 Qg5 15. Qf3 Bb7 16. Ne2 f5 17. Nf4 Kf7 18. Nxd5 cxd5 19. Rc7+ Ke6 20. Rxb7 Bh8 21. Rc1 Rfc8 22. Rbc7 Qd8 23. R1c6+ 1-0

[Event "Patras op"]
[Site "Patras"]
[Date "2002.08.05"]
[Round "6.41"]
[White "Kamaretsos, Konstantinos"]
[Black "Athanasiou, Georgios"]
[Result "1-0"]
[WhiteElo "1390"]
[BlackElo "1315"]
[PlyCount "151"]
[EventDate "2002.08.??"]
[EventType "swiss"]
[EventRounds "9"]
[EventCountry "GRE"]
[SourceTitle "CBM 089 Extra"]
[Source "ChessBase"]
[SourceDate "2002.09.10"]
[SourceVersion "2"]
[SourceVersionDate "2002.09.10"]
[SourceQuality "1"]

1. d4 Nf6 2. c4 e6 3. Nf3 b6 4. a3 Bb7 5. Nc3 d5 6. cxd5 exd5 7. Bg5 Be7 8. e3 0-0 9. Bd3 Nbd7 10. Qc2 h6 11. Bh4 c5 12. dxc5 bxc5 13. 0-0 Rb8 14. Bg3 Rc8 15. Nb5 a6 16. Nd6 Bxd6 17. Bxd6 Re8 18. Bf5 Rc6 19. Bg3 Bc8 20. Nd4 Rb6 21. Bxd7 Nxd7 22. Nf5 Nf6 23. Qxc5 Bxf5 24. Bc7 Rb5 25. Qxb5 axb5 26. Bxd8 Rxd8 27. Rfc1 Bd3 28. Rc3 Bf5 29. a4 bxa4 30. Rxa4 Kh7 31. f3 Kg6 32. g4 Be6 33. Kg2 h5 34. h3 h4 35. Rd4 Ra8 36. Rc2 Ra2 37. Re2 Kh7 38. g5 Ne8 39. Rxh4+ Kg8 40. Rd4 Kf8 41. h4 Ke7 42. Kg3 Kd6 43. h5 Ke5 44. h6 gxh6 45. gxh6 Nf6 46. Rh2 Bf5 47. Rb4 Bh7 48. Rb7 Ke6 49. Rh4 Ra8 50. b4 Rg8+ 51. Kf2 Rf8 52. Rf4 Nh5 53. Rh4 Nf6 54. Ke2 Kd6 55. Rb6+ Ke7 56. Rb7+ Ke6 57. Kd2 Rg8 58. Rb6+ Ke7 59. Rb7+ Ke6 60. Kc3 Rc8+ 61. Kb3 Bb1 62. Kb2 Bh7 63. Rf4 Nh5 64. Rfxf7 Bg6 65. Rfe7+ Kf6 66. b5 Rc2+ 67. Kb3 Rc8 68. b6 Ng3 69. Red7 Bc2+ 70. Kb2 Bf5 71. Rf7+ Ke6 72. Rbc7 Rb8 73. b7 Bg6 74. Rg7 Kf6 75. Rc8 Rxc8 76. bxc8Q 1-0